Statistics for Megafauna of South America

Click here to take the quiz!

General Stats

  • This quiz has been taken 40 times
    (32 since last reset)
  • The average score is 20 of 32

Answer Stats

Answer% Correct
Capybara
96%
Jaguar
96%
Black Caiman
93%
Broad Snouted Caiman
93%
Cougar (Puma/Mountain Lion)
93%
Spectacled Caiman
93%
Yacare Caiman
93%
American Crocodile
85%
Galapagos Tortoise (15 species)
85%
Green Anaconda
85%
Orinoco Crocodile
85%
Spectacled Bear
85%
Yellow Anaconda
85%
Galapagos Sea Lion
81%
South American Sea Lion
81%
Giant anteater
74%
Southern Elephant Seal
70%
Guanaco
56%
Vicuna
56%
Baird's Tapir
48%
Galapagos Fur Seal
44%
Juan Fernandez Fur Seal
44%
South American Fur Seal
44%
Mountain Tapir
41%
White-tailed Deer
41%
Giant Armadillo
37%
South American(Brazilian) Tapir
37%
Marsh Deer
26%
South Andean Deer
19%
North Andean Deer
15%
Red Brocket Deer
15%
Arrau Turtle
7%

Score Distribution

Percentile by Number Answered

Percent of People with Each Score

Your Score History

You have not taken this quiz since the last reset